| 000 | 00889nam a2200253 a 4500 | ||
|---|---|---|---|
| 003 | OSt | ||
| 005 | 20140414134201.0 | ||
| 008 | 140205s2013 spc|||| |||||0|| | cat d | ||
| 017 | _aB. 27657-2013 | ||
| 020 | _a9788415232582 | ||
| 040 |
_bcat _cCDMR |
||
| 245 | 0 | 2 |
_aL'Esquella de la Torratxa _b: 60 anys d'història catalana (1879-1939) _cJaume Capdevila, coordinador ; Jaume Guillamet, pròleg ; Santi Barjau, [et al.] |
| 260 |
_aBarcelona : _bEfadós _c2013 |
||
| 300 |
_a231 p. _bil. col. _c26 cm + |
||
| 500 | _aCol·laboració especial de l'Arxiu Històric de la Ciutat de Barcelona | ||
| 630 | 0 | 4 | _aEsquella de la Torratxa |
| 650 | 0 | 4 |
_aRevistes _92769 _zCatalunya |
| 650 | 0 | 4 |
_aHumorisme gràfic _xHistòria _93162 |
| 650 | 0 | 4 |
_aPremsa satírica _93164 |
| 700 | 1 |
_aGuillamet, Jaume _9417 |
|
| 700 | 1 |
_94549 _aBarjau, Santi _d1962 - |
|
| 700 | 1 |
_91346 _aKap |
|
| 942 |
_cMON _2udc |
||
| 999 |
_c6702 _d6702 |
||